| 000 | 01340cam a2200313 4500 | ||
|---|---|---|---|
| 008 | 050317n2003 000 0 eng u | ||
| 020 | _a1860816274 | ||
| 035 | _a(Sirsi) u129089 | ||
| 041 | _aeng | ||
| 050 |
_a690 _c18 |
||
| 100 | _aJaunzens, D. | ||
| 245 |
_aBuilding performance feedback _bgetting started |
||
| 260 |
_aWatford _bBRE _c2003 |
||
| 300 |
_a12p. _c30cm. |
||
| 350 | _a12 | ||
| 490 |
_aBRE Digest _v478 |
||
| 520 | _aThis digest encourages the use of Post Occupancy Evaluation (POE) as part of a process of continuous improvement in building performance. It introduces a strategic method of POE specifically tailored to the first 12 months of a building's occupancy and discusses how this method may be used within a project. The early stage POE method is presented in tabular form; a fully formatted Microsoft Excel version can be freely downloaded from the BRE website at www.projects.bre.co.uk/earlypoe. | ||
| 650 | _aPOST-OCCUPANCY EVALUATION | ||
| 650 | _aMANAGEMENT-PROJECT MANAGEMENT | ||
| 650 | _aBUILDING PERFORMANCE | ||
| 690 | _aBUILDING AND CONSTRUCTION-MANAGEMENT | ||
| 700 | _aGrigg, P. | ||
| 700 | _aCohen, R. | ||
| 700 | _aWatson, M. | ||
| 700 | _aPicton, E. | ||
| 710 | _aBuilding Research Establishment | ||
| 710 |
_aUnited Kingdom _bDepartment of Trade and Industry |
||
| 942 | _n0 | ||
| 999 |
_c104098 _d104098 |
||